[Event "Heusenstamm Schloss op"]
[Site "Heusenstamm"]
[Date "2023.11.26"]
[Round "7"]
[White "Lenhard, Martin"]
[Black "Held, Bernhard"]
[Result "1/2-1/2"]
[WhiteElo "2060"]
[BlackElo "1847"]
[PlyCount "66"]
[EventDate "2023.11.23"]
[EventType "swiss"]
[EventRounds "7"]
[EventCountry "GER"]
[SourceTitle "CB50_2023"]
[SourceDate "2023.12.13"]
[SourceVersion "1"]
[SourceVersionDate "2023.12.13"]
[SourceQuality "1"]

1. e4 c5 2. d4 cxd4 3. c3 dxc3 4. Nxc3 d6 5. Nf3 Nc6 6. Bc4 e6 7. 0-0 Be7 8. Qe2 a6 9. Rd1 Qc7 10. Be3 b5 11. Bd3 Nf6 12. Rac1 Qb7 13. Nxb5 Bd7 14. Nc3 0-0 15. h3 Nb4 16. Bb1 a5 17. a3 Na6 18. e5 dxe5 19. Nxe5 Be8 20. Nc4 Nc5 21. Nd6 Bxd6 22. Rxd6 Qc7 23. Rcd1 Ncd7 24. a4 Kh8 25. Nb5 Qb7 26. R6d2 Nd5 27. Bd4 N7f6 28. Nd6 Qb4 29. Nxe8 Rfxe8 30. Bxf6 Nxf6 31. Rd4 Qc5 32. Rc4 Qb6 33. Rd3 Rab8 1/2-1/2

[Event "Maastricht Limburg op"]
[Site "Maastricht"]
[Date "2008.05.12"]
[Round "7"]
[White "Klein, Gernot"]
[Black "Held, Bernhard"]
[Result "0-1"]
[WhiteElo "2024"]
[BlackElo "1856"]
[PlyCount "143"]
[EventDate "2008.05.09"]
[EventType "swiss"]
[EventRounds "7"]
[EventCountry "NED"]
[SourceTitle "EXT 2009"]
[Source "ChessBase"]
[SourceDate "2008.11.26"]
[SourceVersion "1"]
[SourceVersionDate "2008.11.26"]
[SourceQuality "1"]

1. e4 e5 2. Nf3 Nc6 3. Bb5 a6 4. Ba4 Nf6 5. 0-0 b5 6. Bb3 Be7 7. Re1 0-0 8. a4 Bb7 9. c3 d6 10. d4 exd4 11. cxd4 Nb4 12. Nc3 c6 13. Qd2 d5 14. e5 Ne8 15. Qe2 Nc7 16. Be3 Qd7 17. Qd2 Qf5 18. Red1 Ne6 19. Ne2 h5 20. Ng3 Qh7 21. h4 Qg6 22. Rac1 Kh8 23. a5 Rac8 24. Ng5 Nxg5 25. Bxg5 f6 26. exf6 gxf6 27. Be3 Rg8 28. Qe2 f5 29. Bf4 Bxh4 30. Qxh5+ Qxh5 31. Nxh5 Rg6 32. Rc3 Kg8 33. Re1 Kf7 34. Rh3 Bg5 35. Re5 Bxf4 36. Rxf5+ Ke6 37. Rxf4 Rcg8 38. Re3+ Kd6 39. Rf6+ Rxf6 40. Nxf6 Rf8 41. Nh7 Rf4 42. Ng5 Rxd4 43. Nf7+ Kd7 44. Kf1 c5 45. Ke2 Nc6 46. Bc2 Rb4 47. b3 Nxa5 48. g4 Nc6 49. Ne5+ Nxe5 50. Rxe5 Kd6 51. Rg5 Bc8 52. Rg6+ Ke5 53. f3 Be6 54. Ke3 d4+ 55. Kd2 Bxb3 56. Rg5+ Kd6 57. Rg6+ Ke7 58. Rxa6 Bxc2 59. Kxc2 Rc4+ 60. Kd3 Rc3+ 61. Ke4 Re3+ 62. Kd5 d3 63. Kxc5 d2 64. Ra7+ Ke6 65. Ra6+ Ke5 66. f4+ Kxf4 67. Rd6 Re2 68. Kxb5 Ke3 69. Kc4 Kf2 70. Kc3 Ke1 71. Rh6 Re3+ 72. Kd4 0-1

[Event "Maastricht Limburg op"]
[Site "Maastricht"]
[Date "2008.05.11"]
[Round "4"]
[White "Held, Bernhard"]
[Black "Bok, Benjamin"]
[Result "0-1"]
[WhiteElo "1856"]
[BlackElo "2180"]
[PlyCount "34"]
[EventDate "2008.05.09"]
[EventType "swiss"]
[EventRounds "7"]
[EventCountry "NED"]
[SourceTitle "EXT 2009"]
[Source "ChessBase"]
[SourceDate "2008.11.26"]
[SourceVersion "1"]
[SourceVersionDate "2008.11.26"]
[SourceQuality "1"]

1. e4 e5 2. Nf3 Nc6 3. Bc4 Bc5 4. 0-0 Nf6 5. c3 d6 6. d4 exd4 7. cxd4 Bb6 8. h3 0-0 9. Nc3 Nxe4 10. Bxf7+ Rxf7 11. Nxe4 d5 12. Bg5 Qf8 13. Ng3 Bxh3 14. Ne5 Nxe5 15. dxe5 Be6 16. Qd2 h6 17. Bh4 Rf4 0-1

[Event "Landesliga Nord 0203"]
[Site "Bayern"]
[Date "2003.03.30"]
[Round "9.4"]
[White "Held, Bernhard"]
[Black "Bahlke, Wolfgang"]
[Result "0-1"]
[WhiteElo "1893"]
[BlackElo "2160"]
[PlyCount "102"]
[EventDate "2002.10.20"]
[EventType "team"]
[EventRounds "9"]
[EventCountry "GER"]
[SourceTitle "EXT 2004"]
[Source "ChessBase"]
[SourceDate "2003.11.25"]
[SourceVersion "1"]
[SourceVersionDate "2003.11.25"]
[SourceQuality "1"]
[WhiteTeam "Forchheim II"]
[BlackTeam "Dettingen"]
[WhiteTeamCountry "GER"]
[BlackTeamCountry "GER"]

1. e4 c5 2. c3 d5 3. exd5 Qxd5 4. d4 Nf6 5. Nf3 Bg4 6. Be2 e6 7. Na3 a6 8. Nc2 cxd4 9. Ncxd4 Nbd7 10. Be3 Bc5 11. h3 Bh5 12. 0-0 0-0 13. a4 Bg6 14. Qc1 e5 15. Nc2 Qb3 16. Bxc5 Nxc5 17. Ne3 Nd3 18. Bxd3 Bxd3 19. Qd1 Qxd1 20. Rfxd1 Be2 21. Rd2 Bxf3 22. gxf3 Rfd8 23. Rad1 Rxd2 24. Rxd2 Kf8 25. Kf1 g6 26. Ng4 Nxg4 27. fxg4 Ke7 28. Ke2 f5 29. Rd5 Ke6 30. c4 h5 31. g5 h4 32. Rd3 f4 33. Rb3 Rb8 34. Rb6+ Kf5 35. c5 Rc8 36. b4 Rc7 37. b5 axb5 38. axb5 Rxc5 39. Rxb7 Rc2+ 40. Kd1 Rxf2 41. Kc1 Ra2 42. b6 Ra5 43. Rf7+ Kxg5 44. b7 Rb5 45. Kd1 Kh6 46. Ke2 Rb3 47. Re7 g5 48. Kf2 Kg6 49. Rc7 e4 50. Rd7 Rb2+ 51. Ke1 e3 0-1

[Event "Landesliga Nord 0001"]
[Site "Bayern"]
[Date "2001.04.01"]
[Round "8"]
[White "Held, Bernhard"]
[Black "Roerig, Erwin"]
[Result "0-1"]
[WhiteElo "1890"]
[BlackElo "1955"]
[PlyCount "114"]
[EventDate "2000.10.15"]
[EventType "team-tourn"]
[EventRounds "9"]
[EventCountry "GER"]
[SourceTitle "EXT 2020"]
[Source "ChessBase"]
[SourceDate "2019.10.17"]
[SourceVersion "1"]
[SourceVersionDate "2019.10.17"]
[SourceQuality "1"]
[WhiteTeam "Forchheim II"]
[BlackTeam "Neutraubling Wacker"]
[WhiteTeamCountry "GER"]
[BlackTeamCountry "GER"]

1. e4 e6 2. d4 d5 3. Nc3 Bb4 4. e5 c5 5. a3 Bxc3+ 6. bxc3 Nc6 7. Qg4 g6 8. Nf3 f6 9. Bd3 Qc7 10. 0-0 c4 11. Be2 fxe5 12. dxe5 Nxe5 13. Qd4 Nf7 14. Re1 Ne7 15. Bf4 Qd8 16. Qd2 0-0 17. Bf1 Nf5 18. g3 a5 19. Re2 Ra6 20. Rae1 N7d6 21. Ng5 Ng7 22. Be5 Ndf5 23. Bh3 h6 24. Bxg7 hxg5 25. Bxf8 Kxf8 26. Bxf5 gxf5 27. Qd4 Kf7 28. Rb1 Qf8 29. Rb6 Qxa3 30. Rxa6 bxa6 31. Qh8 Qf8 32. Qh5+ Kf6 33. h4 gxh4 34. Qxh4+ Kg6 35. Re1 a4 36. Kg2 Qf6 37. Qh3 Qxc3 38. Rh1 Qg7 39. Qh5+ Kf6 40. Qe8 Bb7 41. Qxa4 d4+ 42. f3 Bxf3+ 43. Kxf3 Qb7+ 44. Kf2 Qxh1 45. Qxc4 Qe4 46. Qc8 Qe3+ 47. Kg2 Qe2+ 48. Kh3 Qg4+ 49. Kh2 f4 50. gxf4 Qxf4+ 51. Kg2 Qd2+ 52. Kg1 Kf5 53. Qf8+ Ke4 54. Qc8 Qg5+ 55. Kf1 Qf5+ 56. Kg2 Ke3 57. Qc4 Qd5+ 0-1

[Event "Landesliga Nord 0001"]
[Site "Bayern"]
[Date "2001.01.14"]
[Round "4"]
[White "Held, Bernhard"]
[Black "Kress, Manfred"]
[Result "1-0"]
[WhiteElo "1890"]
[BlackElo "2045"]
[PlyCount "79"]
[EventDate "2000.10.15"]
[EventType "team-tourn"]
[EventRounds "9"]
[EventCountry "GER"]
[SourceTitle "EXT 2020"]
[Source "ChessBase"]
[SourceDate "2019.10.17"]
[SourceVersion "1"]
[SourceVersionDate "2019.10.17"]
[SourceQuality "1"]
[WhiteTeam "Forchheim II"]
[BlackTeam "Dettingen"]
[WhiteTeamCountry "GER"]
[BlackTeamCountry "GER"]

1. e4 g6 2. d4 d6 3. Nc3 Bg7 4. Be3 e5 5. dxe5 Bxe5 6. Bd4 Bxd4 7. Qxd4 Qf6 8. Qe3 Ne7 9. Nf3 a6 10. Be2 0-0 11. 0-0-0 Nbc6 12. h4 Be6 13. h5 Ne5 14. Ng5 Rfd8 15. f4 Nc4 16. Qg3 b5 17. hxg6 hxg6 18. f5 Bxf5 19. Bxc4 bxc4 20. exf5 Nxf5 21. Qf4 Rab8 22. Nge4 Qg7 23. Qg5 Qe5 24. Nf6+ Kg7 25. Rh7+ Kf8 26. Rh8+ Kg7 27. Rxd8 Rxd8 28. Nh5+ Kh7 29. Qxd8 gxh5 30. Qg5 Qe3+ 31. Qxe3 Nxe3 32. Rd2 Kg6 33. Nd5 Nxd5 34. Rxd5 f5 35. Kd2 Kg5 36. Ke3 Kg4 37. Kf2 h4 38. Rd4+ Kg5 39. Rxc4 c5 40. Kf3 1-0

[Event "Landesliga Nord 0001"]
[Site "Bayern"]
[Date "2000.12.10"]
[Round "3"]
[White "Held, Bernhard"]
[Black "Hashemi, Abbas"]
[Result "0-1"]
[WhiteElo "1890"]
[BlackElo "2050"]
[PlyCount "80"]
[EventDate "2000.10.15"]
[EventType "team-tourn"]
[EventRounds "9"]
[EventCountry "GER"]
[SourceTitle "EXT 2020"]
[Source "ChessBase"]
[SourceDate "2019.10.17"]
[SourceVersion "1"]
[SourceVersionDate "2019.10.17"]
[SourceQuality "1"]
[WhiteTeam "Forchheim II"]
[BlackTeam "Fuerth SF"]
[WhiteTeamCountry "GER"]
[BlackTeamCountry "GER"]

1. e4 c5 2. c3 d5 3. exd5 Qxd5 4. d4 Nf6 5. Nf3 Bg4 6. Be2 e6 7. h3 Bh5 8. 0-0 Be7 9. Be3 cxd4 10. cxd4 0-0 11. Nc3 Qa5 12. Qb3 Nbd7 13. Rfe1 Rfd8 14. Rad1 Nb6 15. Ne5 Bxe2 16. Rxe2 Nfd5 17. Ne4 Qa4 18. Qxa4 Nxa4 19. Rc1 Rac8 20. Rec2 Nab6 21. a3 Rxc2 22. Rxc2 Rc8 23. Rxc8+ Nxc8 24. Kf1 Nd6 25. Nxd6 Bxd6 26. Nc4 Bc7 27. Ke2 Kf8 28. Kd3 Ke7 29. Bd2 b5 30. Ne5 Bb6 31. Nf3 f6 32. Ke2 Kd6 33. Kd3 a5 34. b4 axb4 35. Bxb4+ Nxb4+ 36. axb4 Kd5 37. h4 h5 38. Kc3 e5 39. dxe5 fxe5 40. Ng5 Bxf2 0-1

[Event "Nuremberg Zabo op 02nd"]
[Site "Nuremberg"]
[Date "2000.09.24"]
[Round "4"]
[White "Held, Bernhard"]
[Black "Hestermann, Hans Ludwig"]
[Result "1-0"]
[WhiteElo "1891"]
[BlackElo "1725"]
[PlyCount "75"]
[EventDate "2000.09.22"]
[EventType "swiss"]
[EventRounds "5"]
[EventCountry "GER"]
[SourceTitle "EXT 2001"]
[Source "ChessBase"]
[SourceDate "2000.11.22"]
[SourceVersion "1"]
[SourceVersionDate "2000.11.22"]
[SourceQuality "1"]

1. e4 e6 2. d4 d5 3. Nc3 Nf6 4. e5 Nfd7 5. f4 a6 6. Nf3 c5 7. Be3 Nc6 8. Qd2 Qc7 9. a3 cxd4 10. Nxd4 Nxd4 11. Bxd4 Bc5 12. Bxc5 Nxc5 13. Bd3 Bd7 14. Qe3 Rd8 15. Rc1 0-0 16. 0-0 Bc8 17. Ne2 f6 18. b4 Nd7 19. Qh3 g6 20. Qxe6+ Kg7 21. Qe7+ Kh8 22. exf6 Qb6+ 23. Kh1 Nxf6 24. Qe5 Rfe8 25. Qd4 Qd6 26. Ng3 Kg8 27. f5 g5 28. Rce1 Bd7 29. c4 Bc6 30. c5 Qf8 31. Re6 Ne4 32. Rxe4 dxe4 33. Bc4+ Bd5 34. Bxd5+ Rxd5 35. Qxd5+ Kh8 36. Qd4+ Kg8 37. Nxe4 Rd8 38. Nd6 1-0

[Event "Nuremberg Zabo op 02nd"]
[Site "Nuremberg"]
[Date "2000.09.23"]
[Round "3"]
[White "Hirn, Oskar"]
[Black "Held, Bernhard"]
[Result "1-0"]
[WhiteElo "2263"]
[BlackElo "1891"]
[PlyCount "161"]
[EventDate "2000.09.22"]
[EventType "swiss"]
[EventRounds "5"]
[EventCountry "GER"]
[SourceTitle "EXT 2001"]
[Source "ChessBase"]
[SourceDate "2000.11.22"]
[SourceVersion "1"]
[SourceVersionDate "2000.11.22"]
[SourceQuality "1"]

1. e4 e6 2. d3 d5 3. Nd2 Nf6 4. Ngf3 Be7 5. c3 0-0 6. Be2 b6 7. 0-0 Bb7 8. e5 Nfd7 9. d4 c5 10. Re1 Ba6 11. c4 dxc4 12. Nxc4 Qc7 13. Bg5 Bxg5 14. Nxg5 h6 15. Nf3 Nc6 16. d5 exd5 17. Qxd5 Rad8 18. Qe4 Rfe8 19. Qf5 Bxc4 20. Bxc4 Ncxe5 21. Nxe5 Nxe5 22. Bb3 Re7 23. Re3 c4 24. Bc2 Nd3 25. Bxd3 cxd3 26. Rxd3 Rxd3 27. Qxd3 Qe5 28. Qd2 Qe2 29. Qc3 Kf8 30. g3 Qe5 31. Qa3 Kg8 32. Rd1 Kh7 33. Qd3+ g6 34. b3 Kg7 35. h4 Qe2 36. Qd5 Qxa2 37. Qd4+ f6 38. h5 Qxb3 39. hxg6 Qc2 40. Rd3 Qc1+ 41. Kg2 Qc6+ 42. Kh2 Qc5 43. Qf4 Qh5+ 44. Kg2 Qxg6 45. Rd6 Qg5 46. Qd4 Qf5 47. Qc4 b5 48. Qd4 Kf7 49. Rd5 Qe4+ 50. Qxe4 Rxe4 51. Rxb5 Ra4 52. Kf3 a5 53. Rb6 Ra1 54. Kg4 Ra2 55. f4 Ra3 56. Rb7+ Kg8 57. Kh4 Ra1 58. Kh5 Kf8 59. Kg6 a4 60. Kxf6 Ke8 61. Rh7 Rg1 62. Rxh6 Rxg3 63. Rh8+ Kd7 64. Ra8 a3 65. f5 Rc3 66. Kf7 Rf3 67. f6 Rg3 68. Ra7+ Kd6 69. Ke8 Rg8+ 70. Kf7 Rg3 71. Kf8 Ke6 72. Ra6+ Kd7 73. f7 Kd8 74. Rd6+ Kc7 75. Rd2 Kc8 76. Re2 Kd7 77. Rd2+ Kc7 78. Rc2+ Kd8 79. Re2 Kd7 80. Re7+ Kd8 81. Ra7 1-0

[Event "Nuremberg Zabo op 02nd"]
[Site "Nuremberg"]
[Date "2000.09.22"]
[Round "1"]
[White "Venus, Verena"]
[Black "Held, Bernhard"]
[Result "0-1"]
[WhiteElo "1424"]
[BlackElo "1891"]
[PlyCount "56"]
[EventDate "2000.09.22"]
[EventType "swiss"]
[EventRounds "5"]
[EventCountry "GER"]
[SourceTitle "EXT 2001"]
[Source "ChessBase"]
[SourceDate "2000.11.22"]
[SourceVersion "1"]
[SourceVersionDate "2000.11.22"]
[SourceQuality "1"]

1. e4 e6 2. d4 d5 3. Nc3 Bb4 4. Nge2 dxe4 5. a3 Be7 6. Nxe4 b6 7. Be3 Bb7 8. Nd2 Nf6 9. Ng3 0-0 10. Nf3 Nbd7 11. Be2 c5 12. 0-0 Qc7 13. Qd2 Bd6 14. Bh6 gxh6 15. Qxh6 Bf4 16. Ng5 Bxg5 17. Qxg5+ Kh8 18. f4 Ne4 19. Qh6 Nxg3 20. hxg3 Rg8 21. Bd3 Rg7 22. Kf2 c4 23. Be2 Qd8 24. Bxc4 Nf6 25. Be2 Qxd4+ 26. Ke1 Qxb2 27. Rd1 Qc3+ 28. Kf2 Qxg3+ 0-1